| 000 | 01291nam a2200337 i 4500 | ||
|---|---|---|---|
| 001 | 000011159 | ||
| 003 | DO-SdBNP | ||
| 005 | 20260526111545.0 | ||
| 007 | ta | ||
| 008 | 091014s2000 dr a 001 p spa d | ||
| 040 |
_aDO-SdBNP _bspa _cBNPHU _erda |
||
| 041 | _aspa | ||
| 082 | 4 |
_aRD861.44 _bR466v 2000 _222 |
|
| 100 | 1 |
_aReynoso Abud, Ana Silvia de, _eautor _4aut. _925318 |
|
| 245 | 1 | 0 |
_aVersos simples para cantarle a la patria : _bcuaderno cuarto / _cAna Silvia Reynoso de Abud ; proemio, Emilio Cordero Michel ; ilustración, Abraham Abud. |
| 264 | 1 |
_aSanto Domingo : _bCPEP , _c2000. |
|
| 300 |
_a71 páginas : _bilustraciones ; _c26 cm. |
||
| 336 |
_atexto _btxt _2rdacontent |
||
| 337 |
_asin mediación _bn _2rdamedia |
||
| 338 |
_avolumen _bnc _2rdacarrier |
||
| 500 | _aIncluye datos biográficos del autor en la contracubierta | ||
| 590 | _aInventariado, 2018/BT | ||
| 650 | 4 |
_aPoesía patriótica dominicana _92762 |
|
| 650 | 4 |
_aPoesía dominicana _966 |
|
| 650 | 4 |
_aLiteratura dominicana. _967 |
|
| 700 | 1 |
_aCordero Michel, Emilio, _d1929-2018 _eproemio _944029 |
|
| 700 | 1 |
_aAbud, Abraham, _eilustrador _4il. _926651 |
|
| 710 | 1 |
_aRepública Dominicana _bComisión Permanente de Efemérides Patria _945309 |
|
| 910 | _aValidado. Control de calidad. MFF | ||
| 942 |
_2ddc _cLBS1 |
||
| 999 |
_c10884 _d10884 |
||